MDQL
is popping MORE tags! Check the
thread
!
Quizzes
Events
Quiz Creation
Community
Videos
Private Events
Remove Ads
Sign In
Join for FREE
Feedback
Dark Mode
Quiz Categories
Sports
Geography
Music
Movies
Television
Just For Fun
Miscellaneous
History
Literature
Language
Science
Gaming
Entertainment
Religion
Holiday
For Kids
Quiz Lab
Recent
Popular Today
Quiz Kudos Today
Editor Picks
Curator Picks
Quizzes by...
Day
Popularity
Type
Ratings
Length
Year
Community
Subscriptions
Recent Discussions
Orange Saloon
Badges
Playlists
Quests
Create
Leaderboards
Showdown
Live 5
Trivia Bingo
Activity
Puzzle Library
Sporcle Events
Private Events
Virtual Trivia
Globe League
Become a Host
Pub Owners
SporcleCon
Opinionation
Our Games
Videos
Blog
Mobile Apps
Partnerships
Remove Ads and Go Orange
Feedback
Television
TV Characters
TV Show
Sitcom
Network
Friends
Reality Shows
Cast
South Park
Star Trek
The Simpsons
Doctor Who
Television
TV Characters
TV Show
Sitcom
Network
Friends
Reality Shows
Cast
South Park
Star Trek
The Simpsons
Doctor Who
Random Quiz
Search Sporcle
×
Quiz Lab
Quiz Lab
Television
The Wire
Type in answers that appear in a list
Type in answers that appear in a list
Classic
Best Score? Go Orange.
The Wire Characters Stats
Can you name the The Wire Characters?
By
freshjacob
20m
106 Questions
4,006 Plays
4,006 Plays
4,006 Plays
Comments
Comments
Give Quiz Kudos
Give Quiz Kudos
-
- Ratings
hide this ad
Replay
Link that replays current quiz
Next Quiz
Link to next quiz in quiz playlist
You Got
0%
They Got
Avg Score
52%
Avg Friend Score
Upgrade to see
Score Distribution
Jump to the score distribution portion of the page
Score
0/106
Timer
20:00
0
Plays Today
Barksdale Crew
Character Name
% Correct
Barksdales
Avon Barksdale
98.4%
Barksdales
Stringer Bell
96.1%
Stanfield
Marlo Stanfield
93.6%
Police
Jimmy Mcnulty
91.2%
Barksdales
Bodie Broadus
88.9%
Others Currently In or Formerly in the Game
Omar Little
88.8%
Stanfield
Snoop Pearson
87.8%
Barksdales
Poot Carr
86.8%
Barksdales
D'Angelo Barksdale
86%
Police
Bunk Moreland
86%
Stanfield
Chris Partlow
85.7%
Politician
Tommy Carcetti
85%
Police
Cedric Daniels
83.9%
Police
Kima Greggs
83.2%
Police
Thomas Hauk
82.3%
Politician
Marla Daniels
82.3%
Stanfield
Michael Lee
81.2%
Schools
Michael Lee
81.2%
Barksdales
Wee-Bey Bryce
81.1%
Barksdales
Wallace
81%
Police
Ellis Carver
79.9%
Police
Bill Rawls
79.5%
Schools
Roland Pryzbylewski
79.5%
Police
Roland Pryzbylewski
79.4%
Police
Lester Freamon
79.1%
Dock Workers
Ziggy Sobotka
78.7%
Dock Workers
Frank Sobotka
78.3%
Others Currently In or Formerly in the Game
Proposition Joe Stewart
77.6%
Politician
Clay Davis
77.3%
Others Currently In or Formerly in the Game
Reginald Cousins
76.7%
Others Currently In or Formerly in the Game
Dennis Wise
76%
Stanfield
Cheese Wagstaff
75.6%
Dock Workers
Nick Sobotka
75.1%
Barksdales
Slim Charles
75%
Schools
Duquan Weems
72%
Police
Ervin Burrell
70.1%
Barksdale Crew
Character Name
% Correct
Schools
Randy Wagstaff
69.8%
Police
Bunny Colvin
69.6%
Schools
Namond Bryce
68.8%
Police
Jay Landsman
63.6%
Politician/
Law Enforcement
Rhonda Pearlman
63.1%
Politician
Clarence Royce
63%
Barksdales
Bird
62.5%
Barksdales
Orlando
61.3%
Dock Workers
Thomas Pakusa
60.4%
Police
Stan Valchek
59.1%
Barksdales
Stinkum
59%
Others Currently In or Formerly in the Game
Maurice Levy
58.7%
Police
Beadie Russell
58.5%
Others Currently In or Formerly in the Game
The Greek
57.7%
Police
Leander Sydnor
57.7%
Barksdales
Ronnie Mo
56.6%
Others Currently In or Formerly in the Game
Johnny Weeks
53.2%
Others Currently In or Formerly in the Game
Brother Mouzone
53%
Schools
Bug
51.6%
Others Currently In or Formerly in the Game
Spiros Vondopoulos
47.8%
Politician
Norman Wilson
47.2%
Others Currently In or Formerly in the Game
Brandon Wright
47%
Stanfield
Fruit
46.5%
Politician/
Law Enforcement
Daniel Phelan
46.4%
Barksdales
Little Man
45%
Schools
Donut
43.9%
Stanfield
Monk
43.6%
Others Currently In or Formerly in the Game
Butchie
42.9%
Politician
Odell Watkins
42.1%
Barksdales
Savino Bratton
41.9%
Stanfield
Savino Bratton
41.9%
Politician
Theresa D'Agostino
39.6%
Politician
Tony Gray
38.7%
Barksdales
Shamrock
38.4%
Stanfield
Kenard
38.2%
Newspaper
Augustus Haynes
37.3%
Barksdale Crew
Character Name
% Correct
Newspaper
Scott Templeton
36.3%
Others Currently In or Formerly in the Game
Sergei Malatov
35.6%
Others Currently In or Formerly in the Game
White Mike McArdle
32.3%
Stanfield
Little Kevin
31.8%
Others Currently In or Formerly in the Game
Walon
31.1%
Newspaper
Alma Gutierrez
30.9%
Others Currently In or Formerly in the Game
Hungry Man
30.8%
Politician
Nerese Campbell
30.8%
Politician/
Law Enforcement
Rupert Bond
30%
Police
Ed Norris
29.7%
Police
Michael Santangelo
28.2%
Others Currently In or Formerly in the Game
Sherrod
27.9%
Others Currently In or Formerly in the Game
Renaldo
26.4%
Others Currently In or Formerly in the Game
Ricardo Hendrix
25%
Stanfield
Old Face Andre
24.9%
Others Currently In or Formerly in the Game
Kimmy
23.1%
Police
Kenneth Dozerman
22.9%
Police
Michael Crutchfield
21.7%
Schools
Marcia Donnelly
21.4%
Others Currently In or Formerly in the Game
Dante
20.7%
Police
Vernon Holley
18.8%
Stanfield
Vinson
18.8%
Others Currently In or Formerly in the Game
Tosha
18.8%
Police
Augustus Polk
18.6%
Police
Patrick Mahon
17.2%
Politician
Damien Price
16.8%
Politician
Michael Steintorf
16.4%
Others Currently In or Formerly in the Game
Lamar
14.7%
Others Currently In or Formerly in the Game
John Bailey
14.7%
Police
Charles Marimow
14.3%
Schools
Grace Sampson
11.5%
Schools
David Parenti
10.5%
Newspaper
Roger Twigg
9.7%
Others Currently In or Formerly in the Game
Donnie
8.9%
Quiz Playlist
Details
Report
Send in Message
Add To Playlist
Classic:
Type in answers that appear in a list
Last Updated: Feb 16, 2017
Quiz Scoreboard
CHALLENGE
Sign Up to Join the Scoreboard
Show All
Scores
Hide
Comments
May contain spoilers
Recently Published
Colored Red Africa Blitz
by spor1
Geography
30s
Find the 'City' Movie
by crazypaving
Movies
60s
5x2 Blitz: Bands
by SL_Kpop136
Music
30s
More to Explore
Quiz From the Vault
Featured Blog Post
14 Easter Pick-up Lines to Find Eggs With
hide this ad
You Might Also Like...
Tags
barksdale
Character
Crew
The Wire
Wire
Today's Top Quizzes in Television
Browse Television
hide this ad
Top Contributed Quizzes in Television
1
Survivor Journey Challenge
2
Survivor Logic Puzzle: Heroes vs. Villains
3
One Tree Hill Logic Puzzle
4
Phoebe Buffay Quotes
5
Game of Thrones: Tywin Lannister Start to Finish
6
Brooklyn Nine Nine Logic Puzzle (How-To-Play)
7
A Series of Unfortunate Events: Netflix Character Chain
8
All US Survivor Seasons in Order
9
Survivor: Criteria Castaways
10
A Series of Unfortunate Events: S3 Character Chain
Explore More
Trending Topics
NBA
Marvel
Kpop
Anime
Crossword
Disney
Harry Potter
Song
Country
Soccer
Puzzle
The Office
WWE
Pokémon
NFL
hide this ad
More By:
freshjacob
Quiz
Plays
Rating
Category
Featured
Created
The Wire Characters
4,006
4.17
Television
Nov 18, 2009
Go to Creator's Profile
Score Distribution
Quiz Creator Spotlight
freshjacob
Follow
Send a Message
Quizzes Created
-
Created Quiz Play Count
-
More By This Creator
Popular Quizzes Today
1
5x2 Blitz: Bands
2
Find the 'City' Movie
3
Colored Red Africa Blitz
4
Find the US States - No Outlines Minefield
5
The Countries of the World
6
Find the US States
7
9x9 Crossword: Cartoon Network
8
US States
More Television Quizzes
TV Eating Breakfast
Published
Trending Quizzes
Colored Red Africa Blitz II
Colored Red Europe Blitz I
Christmas Pick: Judaism
Colored Red Africa Blitz III
Colored Red Europe Blitz II
Recently Updated
Champions League XIs: Real Madrid
pecheneg
Largest US Cities 1790-2010
pecheneg
Rides in Walt Disney World
pecheneg
Most Oscar Losses (Acting)
pecheneg
Beyoncé Albums
pecheneg
Leaping Animals
pecheneg
Reality TV Shows (A-Z)
bhenderson79
Rickey Henderson's Hall of Fame Teammates
pecheneg
Champions League XIs: Arsenal
pecheneg
Quick Pick: Celebrities in WWE's Hall of Fame
aduchscher
Trending Topics
Marvel
Harry Potter
Disney
Anime
NBA
Crossword
Kpop
WWE
Country
Song
Soccer
Puzzle
NFL
The Office
Pokémon
Your Account Isn't Verified!
In order to create a playlist on Sporcle, you need to verify the email address you used during registration. Go to your
Sporcle Settings
to finish the process.
Report this User
Report this user for behavior that violates our
Community Guidelines
.
Details:
Send Report
Go to the Sporcle.com Mobile Site →
Comments